| 000 | 00413nam a2200181Ia 4500 | ||
|---|---|---|---|
| 001 | 22688 | ||
| 005 | 20260414150847.0 | ||
| 008 | 260414t2008||||xx |||||||||||||| ||spa|| | ||
| 041 | _aESP | ||
| 082 |
_a621.38412 _bB78 |
||
| 100 |
_aBowick, Chris _eAUT |
||
| 245 | 0 |
_aRF circuit design _b |
|
| 260 | _c2008 | ||
| 300 |
_a243 páginas : _ccm. |
||
| 650 | _aTCA | ||
| 654 | _aCET | ||
| 942 |
_cLIB _dJUS _fJUS _2ddc _n |
||
| 999 |
_c22688 _d22688 |
||